| 000 | 01217nam a2200301 a 4500 | ||
|---|---|---|---|
| 001 | |||
| 003 | DO-SdBNP | ||
| 005 | 20210830135330.0 | ||
| 008 | 100811s2019 dr r 000 0 spa d | ||
| 020 | _a9789945917598 | ||
| 040 |
_aDO-SdBNP _bspa _cBPMSU |
||
| 082 |
_a371.7293 _bP116e 2019 _222 |
||
| 100 | 1 | _aPacheco Salazar, Berenice | |
| 245 | 1 | 0 |
_aEstar, ser y convivir en la escuela : _buna mirada profunda a la violencia escolar en la República Dominicana / _cBerenice Pacheco Salazar. |
| 260 |
_aSanto Domingo : _bINTEC ; _bINAFOCAM, _c2019. |
||
| 300 |
_a380 p. : _c23 cm. |
||
| 500 | _aIncluye datos biográficos del autora en las solapas | ||
| 505 | 0 | _aConvivencia y violencia escolar 11 -- Diseño metodológico 31. | |
| 590 | _aInventariado, 2020/BT | ||
| 650 | 4 |
_aEducación _zRepública Dominicana |
|
| 650 | 4 |
_aViolencia en la educación _zRepública Dominicana |
|
| 650 | 4 |
_aAcoso escolar _xAspectos sociales _zRepública Dominicana |
|
| 710 | 2 | _aOrganización Estados Iberoamericano | |
| 710 | 2 | _aInstituto Nacional de Formación y Capacitación del Magisterio (República Dominicana) | |
| 710 | 2 | _aInstituto Tecnológico de Santo Domingo | |
| 910 | _aVMateo V. | ||
| 942 |
_2ddc _cBK |
||
| 999 |
_c13691 _d13691 |
||